000 00693nam a2200205 i 4500
001 54724
003 ES-MaACL
005 20250710214250.0
007 t|
008 040112s2002 sp ||||1| spa d
080 _a76 érculo, Eduardo (083.824)
100 1 _aérculo, Eduardo.
_9134074
245 1 0 _aérculo
_b: obra gráfica (1957-2000) : [abril-mayo 2001] /
_ctexto, Javier Barón.
260 _a[Madrid :
_bJunta Municipal de Retiro,
_c2001.
300 _a292 p. :
_bprincipalmente il. col. ;
_c25 cm.
600 1 4 _aérculo, Eduardo-
_vExposiciones.
_9134075
700 0 _aBarón, Javier,
_d1956-
_925770
852 _aES-MaACL
_jL-26755
_bR.132330
999 _c54724
_d54724